|
|
|
|
| LEADER |
00000naa a2200000 c 4500 |
| 001 |
1678815527 |
| 003 |
DE-627 |
| 005 |
20191014153513.0 |
| 007 |
tu |
| 008 |
191014s2018 xx ||||| 00| ||ger c |
| 035 |
|
|
|a (DE-627)1678815527
|
| 035 |
|
|
|a (DE-599)KXP1678815527
|
| 040 |
|
|
|a DE-627
|b ger
|c DE-627
|e rda
|
| 041 |
|
|
|a ger
|
| 100 |
1 |
|
|a Seidensticker, Kai
|e VerfasserIn
|4 aut
|
| 245 |
1 |
0 |
|a Predictive Policing in NRW
|b Möglichkeiten und Grenzen der Prognose von Kriminalitätsbrennpunkten
|c Kai Seidensticker (LKA NRW, Düsseldorf), Dr. Felix Bode (LKA NRW, Düsseldorf)
|
| 264 |
|
1 |
|c 2018
|
| 336 |
|
|
|a Text
|b txt
|2 rdacontent
|
| 337 |
|
|
|a ohne Hilfsmittel zu benutzen
|b n
|2 rdamedia
|
| 338 |
|
|
|a Band
|b nc
|2 rdacarrier
|
| 700 |
1 |
|
|a Bode, Felix
|e VerfasserIn
|0 (DE-588)1028657188
|0 (DE-627)732050057
|0 (DE-576)376199296
|4 aut
|
| 773 |
0 |
8 |
|i Enthalten in
|t Der Kriminalist
|d Berlin : DBB-Verl., 1969
|g (2018), 11, Seite 22-25
|w (DE-627)167524194
|w (DE-600)539407-7
|w (DE-576)015770524
|x 0722-3501
|7 nnas
|
| 773 |
1 |
8 |
|g year:2018
|g number:11
|g pages:22-25
|
| 951 |
|
|
|a AR
|
| ELC |
|
|
|b 1
|
| LOK |
|
|
|0 000 xxxxxcx a22 zn 4500
|
| LOK |
|
|
|0 001 3522432789
|
| LOK |
|
|
|0 003 DE-627
|
| LOK |
|
|
|0 004 1678815527
|
| LOK |
|
|
|0 005 20250312102702
|
| LOK |
|
|
|0 008 191014||||||||||||||||ger|||||||
|
| LOK |
|
|
|0 040
|a DE-21-110
|c DE-627
|d DE-21-110
|
| LOK |
|
|
|0 689
|a s
|a Polizeiarbeit
|
| LOK |
|
|
|0 689
|a s
|a Prognose
|
| LOK |
|
|
|0 689
|a s
|a Kriminalitätsbekämpfung
|
| LOK |
|
|
|0 689
|a s
|a Datenbasis
|
| LOK |
|
|
|0 689
|a s
|a Pilotprojekt
|
| LOK |
|
|
|0 689
|a s
|a Wohnungseinbruch
|
| LOK |
|
|
|0 852
|a DE-21-110
|
| LOK |
|
|
|0 852 1
|m p
|9 00
|
| LOK |
|
|
|0 938
|k p
|
| LOK |
|
|
|0 939
|a 14-10-19
|b l01
|
| ORI |
|
|
|a SA-MARC-krimdoka001.raw
|